ERP ako predpoklad pre rozvoj e-business riešení
Systém, ktorý umožňuje plánovať a riadiť procesy nesie označenie Enterprise resource planning - ERP - nástroj pre plánovanie podnikových zdrojov. Nové kvantitatívne prístupy umožnili dostať funkcionalitu ERP aj mimo rámec spoločnosti a tak priniesli novú hodnotu v riadení dodávateľského reťazca. Tak...
Salvato in:
| Autore principale: | |
|---|---|
| Natura: | Capitolo di libro |
| Lingua: | slovacco |
| Soggetti: | |
| Tags: |
Nessun Tag, puoi essere il primo ad aggiungerne!!
|
MARC
| LEADER | 00000naa$a2200000$$$4500 | ||
|---|---|---|---|
| 001 | 0015075 | ||
| 005 | 20221128112950.1 | ||
| 041 | 0 | |a slo | |
| 044 | |a SK | ||
| 245 | 1 | 0 | |a ERP ako predpoklad pre rozvoj e-business riešení |c aut. Pavol Krcho |
| 520 | |a Systém, ktorý umožňuje plánovať a riadiť procesy nesie označenie Enterprise resource planning - ERP - nástroj pre plánovanie podnikových zdrojov. Nové kvantitatívne prístupy umožnili dostať funkcionalitu ERP aj mimo rámec spoločnosti a tak priniesli novú hodnotu v riadení dodávateľského reťazca. Takto bola zadefinovaná nová oblasť - e-business. ERP a SAP. Produkt SAP R/3 a mySAP business suite. Nové funkcie SAP R/3 Enterprise. | ||
| 610 | 2 | 0 | |a obchod elektronický |
| 610 | 2 | 0 | |a plánovanie |
| 610 | 2 | 0 | |a metódy riadenia |
| 610 | 2 | 0 | |a nástroje riadenia |
| 610 | 2 | 0 | |a reťazce dodávateľsko-odberateľské |
| 100 | 1 | |a Krcho, Pavol | |